01009nam a2200265 i 4500001001000000003000900010005001700019007000300036008004100039040003000080082001400110110005400124245007700178264007500255300002500330336002700355337003300382338002800415590002800443910000700471942001300478952011300491952012200604999001700726000030496DO-SdBNP20250714120136.0ta110518s20uu dr 000 0 spa d aDO-SdBNPbspacBNPHUerda bB213e2222 aBanco Central de la República Dominicana98340510aEstadísticas del Banco Central de la República Dominicana 1947-2003. aSanto Domingo :bBanco Central de la República Dominicana,c[20--?]. a20 paginas ;c20 cm. 2rdacontentatextobtxt 2rdamediaasin mediaciónbn 2rdacarrieravolumenbnc aInventariado, 2023 / DG aDG 2ddccLF2 0010718PDaPDbPDcCTd2011-05-18iLF1l0oxxx B213ep30496-10r2020-06-25w2020-06-25yLFPDZNo se presta 00102ddc51708PD-FaBNPHUbBNPHUcCTd2023-08-17l0oBNPHU F-PD B213ep2023-5383r2023-08-17te.2w2023-08-17yLF2 c29988d29988